| 000 | 01401cam a22003858a 4500 | ||
|---|---|---|---|
| 999 |
_c67886 _d67886 |
||
| 003 | BJBSDDR | ||
| 005 | 20230410123909.0 | ||
| 007 | ta | ||
| 008 | 030909s2004 enk 000 0beng | ||
| 020 | _a1844150402 (pbk) | ||
| 020 | _a9781844150403 (pbk) | ||
| 035 | _a(OCoLC)ocm61754352 | ||
| 035 | _a(OCoLC)61754352 | ||
| 040 |
_aUKM _cUKM _beng |
||
| 041 | _aeng | ||
| 049 | _aGRAL | ||
| 050 | 1 | 4 |
_aB D 766.82 _bR766L 2004 |
| 082 | 0 | 0 | _a940.5423092 |
| 100 | 1 |
_aLewin, George Ronald, _d1914-1984 |
|
| 245 | 1 | 0 |
_aRommel : _bas military commander / _cRonald Lewin. |
| 260 |
_aBarnsley, So. Yorkshire : _bPen & Sword Military Classics, _c2004. |
||
| 300 |
_avi, 262 pages, 20 unnumbered pages of plates : _billustrations, maps, portraits ; _c20 cm. |
||
| 490 | 1 |
_aPen & Sword military classics ; _v28 |
|
| 500 | _aOriginally published: London : Batsford, 1968 | ||
| 504 | _aIncludes bibliographical references (p. 253-255) and index. | ||
| 600 | 1 | 4 |
_aRommel, Erwin, _d1891-1944. |
| 600 | 1 | 4 |
_aRommel, Erwin, _d1891-1944 _cMariscal, |
| 650 | 0 |
_aGenerals _zGermany _vBiography. |
|
| 650 | 4 |
_aGenerales _zAlemania _926521 |
|
| 650 | 4 |
_aGuerra Mundial II, 1939-1945 _zAlemania _97768 |
|
| 830 | 0 |
_926517 _aPen & Sword military classics (Series) ; |
|
| 856 | 4 | 2 |
_3Más?... busque en WorldCat (solo desde FUNGLODE) _uwww.firstsearch.oclc.org/fsip |
| 942 |
_2lcc _cBK |
||
| 946 | _amfcruz | ||